00452nam a2200169Ia 4500003000400000005001700004008004100021020002700062040001700089082001900106100002100125245004600146250001100192260003000203300002000233650002900253IIN20240103114040.0231217s9999 xx 000 0 und d cRs.1100.00a8185605483 aIINbEnglish a610.7343 bSWA1 aSwarnkar, Keshav1 aCommunity Health NursingcKeshav Swarnkar a4th ed bN.R.BrotheraIndorec2018 axxviii, 1204 p.1 aCommunity Health Nursing